00701nam a2200205Ia 4500008004100000020001500041082001600056100002000072245003700092250000800129260002800137300001300165500002400178650001600202700004300218942000700261952010500268952010500373999001700478230524s9999 xx 000 0 und d a8173193355 a510.21bEDM aDavid E.Edmunds 0aFunction Spaces and Applications a1ST aNEW DELHIbNarosac2000 aVIII;278 aQuantity Number: 2 aMathematics a" Pawan K.Jain , Pankaj Jain et.al,,," cBK 00104070aTATCLbTATCLcGENd2023-05-24l0o510.21 EDMp6616r2023-05-24w2023-05-24yBKzBSCM2101 00104070aTATCLbTATCLcGENd2023-05-24l0o510.21 EDMp6617r2023-05-24w2023-05-24yBKzBSCM2101 c12890d12890